| 000 | 00916cam6a220021700 4500 | ||
|---|---|---|---|
| 001 | tmp15217353 | ||
| 003 | UPRA | ||
| 005 | 20190815100844.0 | ||
| 008 | 950717s1921 enk eng u | ||
| 035 | _a(Sirsi) r76608 | ||
| 035 | _a(UPRA)tmp15217353 | ||
| 040 | _cUPRA | ||
| 050 | 0 | _aDA 687.G7 War 1921 | |
| 245 | 0 | 4 |
_aThe War book of Gray's Inn : _bcontaining names of members who served, with biographical notices of those who fell : speeches in Hall on various occasions : and introduction descriptive of the activities of the Society during the war / _cwith a preface by the Right Hon. the Viscount Birkenhead. |
| 260 |
_aSuffolk : _bButterworth, _c1921. |
||
| 500 | _aComp. and published by order of the Masters of the Bench. | ||
| 504 | _aBibliography: p. 131-145. | ||
| 650 | 0 |
_aGray's Inn. _6S28776.1 |
|
| 949 |
_aDA 687.G7 War 1921 _wlcc _c 1 _i33729000059357 _mMAIN _p2500 _tBOOK _lON-SHELF |
||
| 004 | 76608 | ||
| 999 |
_c62173 _d62173 |
||